000 00439 a2200169 4500
020 _a0070486603
022 _a9780070484009
082 _a658.421
090 _c5914
_d5914
100 _aHisrich,Robert D.
245 _aEntrepreneurship.
_cRobert D.Hisrich, Michael P.Peters.
250 _a5th
260 _aNew Delhi
_bTata McGraw Hill publishing
_c2002.
300 _a663p.
500 _aPaper cover
942 _aNBS
_cBK
_k658.421 HIS
999 _c348307
_d348307